| Tag |
First Indicator |
Second Indicator |
Subfields |
| LEADER |
00000cgm a2200000Mi 4500 |
| 001 |
in00005511213 |
| 006 |
m o c |
| 007 |
vz |za||| |
| 007 |
cr |za|||||||| |
| 008 |
190620r20172017enk--- f o vleng d |
| 005 |
20241105202701.5 |
| 035 |
|
|
|a (OCoLC)on1108719487
|
| 040 |
|
|
|a SGPBL
|b eng
|e rda
|e pn
|c SGPBL
|d OCLCF
|d OCLCO
|d AZK
|
| 019 |
|
|
|a 1319443743
|a 1354797313
|
| 020 |
|
|
|a 9781544379616
|q (streaming video)
|
| 020 |
|
|
|a 1544379617
|
| 035 |
|
|
|a (OCoLC)1108719487
|z (OCoLC)1319443743
|z (OCoLC)1354797313
|
| 041 |
0 |
|
|j eng
|
| 050 |
|
4 |
|a LB1062.5
|b .S55 2017
|
| 082 |
0 |
4 |
|a 370.1524
|
| 049 |
|
|
|a TXAM
|
| 245 |
0 |
0 |
|a Skills for helping professionals :
|b problem solving and decision making.
|
| 264 |
|
1 |
|a London :
|b SAGE Publications Ltd,
|c 2017.
|
| 300 |
|
|
|a 1 online resource (1 video file (00:08:53)) :
|b sound, colour
|
| 336 |
|
|
|a two-dimensional moving image
|b tdi
|2 rdacontent
|
| 337 |
|
|
|a computer
|b c
|2 rdamedia
|
| 337 |
|
|
|a video
|b v
|2 rdamedia
|
| 338 |
|
|
|a online resource
|b cr
|2 rdacarrier
|
| 520 |
8 |
|
|a Two counseling scenarios focused on problem solving and decision making are dramatized, including approaches for adults and young adults.
|
| 546 |
|
|
|a Closed-captions in English.
|
| 588 |
|
|
|a Description based on XML content.
|
| 650 |
|
0 |
|a Problem solving
|x Study and teaching.
|
| 650 |
|
0 |
|a Decision making
|x Study and teaching.
|
| 650 |
|
0 |
|a Social skills
|x Study and teaching.
|
| 650 |
|
0 |
|a Social adjustment
|x Study and teaching.
|
| 650 |
|
6 |
|a Résolution de problème
|x Étude et enseignement.
|
| 650 |
|
6 |
|a Prise de décision
|x Étude et enseignement.
|
| 650 |
|
6 |
|a Adaptation sociale
|x Étude et enseignement.
|
| 650 |
|
7 |
|a Decision making
|x Study and teaching.
|2 fast
|0 (OCoLC)fst00889069
|
| 650 |
|
7 |
|a Problem solving
|x Study and teaching.
|2 fast
|0 (OCoLC)fst01077918
|
| 650 |
|
7 |
|a Social adjustment
|x Study and teaching.
|2 fast
|0 (OCoLC)fst01122266
|
| 650 |
|
7 |
|a Social skills
|x Study and teaching.
|2 fast
|0 (OCoLC)fst01123332
|
| 856 |
4 |
0 |
|u http://proxy.library.tamu.edu/login?url=https://sk.sagepub.com/video/skills-for-helping-professionals-problem-solving-and-decision-making
|z Connect to this streaming video
|t 0
|
| 955 |
|
|
|a SAGE Knowledge Video Social Work
|
| 994 |
|
|
|a 92
|b TXA
|
| 999 |
f |
f |
|s 9eadfdcb-d934-4bd4-a67e-ae95cc7da532
|i 5c68499c-3c50-4ece-9314-d5ce96194011
|t 0
|
| 952 |
f |
f |
|a Texas A&M University
|b College Station
|c Electronic Resources
|d Available Online
|t 0
|e LB1062.5 .S55 2017
|h Library of Congress classification
|
| 998 |
f |
f |
|a LB1062.5 .S55 2017
|t 0
|l Available Online
|